| 000 | 00561nam a22001697a 4500 | ||
|---|---|---|---|
| 003 | MACL | ||
| 005 | 20160722140255.0 | ||
| 008 | 160722b xxu||||| |||| 00| 0 eng d | ||
| 040 | _cMACL | ||
| 041 | _aHindi | ||
| 082 | _a530 SIN | ||
| 100 |
_aसिंघल, विनीता _917499 |
||
| 245 |
_aउर्जा कुछ नए विकल्प _cविनीता सिंघल |
||
| 260 |
_aनई दिल्ली _bनेशनल बुक ट्रस्ट _c2010 |
||
| 650 |
_aभौतिकी _964962 |
||
| 942 |
_2ddc _cHIN |
||
| 999 |
_c54665 _d54665 |
||